| 000 | 004630000a22001690004500 | ||
|---|---|---|---|
| 041 | 0 | _aSPA | |
| 082 | 0 | 4 | _aG 266.39 T2381n |
| 100 | 1 | _aTaylor, Richard Shelley (1912-) | |
| 245 | 1 | 0 | _aNuestras avanzadas en el pacífico / Richard S. Taylor |
| 260 | _aKansas, Missouri, USA : Casa Nazarena | ||
| 300 | _a144 Pag | ||
| 001 | 7680 | ||
| 942 | _cBK | ||
| 999 |
_c37885 _d37885 |
||
| 336 |
_atexto _btxt _2rdacontent |
||
| 337 |
_2rdamedia _asin mediación _bn |
||
| 338 |
_2rdacarrier _avolumen _bnc |
||